[Event "Lvov Buturina Memorial 2nd"]
[Site "Lvov"]
[Date "2022.11.18"]
[Round "2"]
[White "Shevchenko, Yaroslav"]
[Black "Grinev, Valeriy"]
[Result "0-1"]
[WhiteElo "1781"]
[BlackElo "2425"]
[PlyCount "104"]
[EventDate "2022.11.18"]
[EventType "swiss (rapid)"]
[EventRounds "9"]
[EventCountry "UKR"]
[SourceTitle "CBM 212 Extra"]
[Source "ChessBase"]
[SourceDate "2023.03.31"]
[SourceVersion "1"]
[SourceVersionDate "2023.03.31"]
[SourceQuality "1"]

1. d4 Nf6 2. c4 g6 3. g3 c5 4. d5 b5 5. cxb5 a6 6. bxa6 Bg7 7. Nc3 d6 8. Bg2 0-0 9. Nf3 Nbd7 10. 0-0 Nb6 11. Ne1 Bxa6 12. Nc2 Nfd7 13. Ne3 Ne5 14. Qc2 Nbc4 15. b3 Nxe3 16. Bxe3 Qa5 17. Bd2 Rfb8 18. Rab1 c4 19. Rfc1 cxb3 20. axb3 Rc8 21. b4 Qd8 22. Bh3 Bxe2 23. Bxc8 Nf3+ 24. Kg2 Nd4 25. Nxe2 Nxc2 26. Bb7 Rb8 27. Bc6 Na3 28. Rb3 Nb5 29. Be3 e6 30. Nf4 e5 31. Ne2 f5 32. Rc2 g5 33. f3 f4 34. Bf2 e4 35. fxe4 Qe7 36. Rc4 Be5 37. h3 h5 38. gxf4 gxf4 39. Kf3 Kh7 40. Rb1 Na3 41. Rcc1 Nxb1 42. Rxb1 Qc7 43. Rb3 Qc8 44. Ng1 Qa6 45. b5 Qa4 46. Rb1 Qa3+ 47. Kg2 Rg8+ 48. Kh1 Qa2 49. Rf1 Bd4 50. Bd7 Bxf2 51. Bf5+ Kh6 52. Nf3 Qe2 0-1

[Event "EU-chT U12"]
[Site "Thessaloniki"]
[Date "2022.07.18"]
[Round "7.1"]
[White "Sowinski, Pawel"]
[Black "Shevchenko, Yaroslav"]
[Result "1-0"]
[WhiteElo "2136"]
[BlackElo "1845"]
[PlyCount "165"]
[EventDate "2022.07.12"]
[EventType "team-swiss"]
[EventRounds "7"]
[EventCountry "GRE"]
[SourceTitle "EXT 2023"]
[Source "ChessBase"]
[SourceDate "2022.10.05"]
[SourceVersion "1"]
[SourceVersionDate "2022.10.05"]
[SourceQuality "1"]
[WhiteTeam "Poland U12"]
[BlackTeam "Ukraine U12"]
[WhiteTeamCountry "POL"]
[BlackTeamCountry "UKR"]

1. e4 e6 2. b3 d5 3. Bb2 dxe4 4. Nc3 Nf6 5. Qe2 Be7 6. 0-0-0 0-0 7. Nxe4 a5 8. a4 Bd7 9. Nf3 Na6 10. d4 Nb4 11. Ne5 Bc6 12. Nxc6 Nxc6 13. g4 Nxe4 14. Qxe4 Bg5+ 15. Kb1 Qd5 16. Bd3 Qxe4 17. Bxe4 Rad8 18. h4 Bf4 19. Rh3 f5 20. gxf5 exf5 21. Bxc6 bxc6 22. Rf3 Be5 23. Rdd3 Bh2 24. h5 Rd5 25. Ba3 Rf6 26. Rfe3 h6 27. Re8+ Kh7 28. Re7 f4 29. Rh3 Bg1 30. c4 Rg5 31. Rf3 Rxh5 32. Bc5 Rh2 33. d5 cxd5 34. cxd5 Rh5 35. Bd4 Rg6 36. Rxf4 Rxd5 37. Bc3 Bh2 38. Rff7 Rdg5 39. Bd4 Bd6 40. Rd7 Rg4 41. Be3 Rb4 42. Kc2 Be5 43. Rd3 Rc6+ 44. Kd2 Rg4 45. Rf5 Bd6 46. Ke2 Bb4 47. Rf7 Rc2+ 48. Kf3 Rg6 49. Bd4 Bd6 50. Bc3 Rg5 51. Bd2 Kg6 52. Rd7 Rf5+ 53. Kg2 Rf8 54. Kg1 Kh7 55. Bc3 Rg8 56. Bxa5 Rc5 57. Bd2 Rf5 58. Rd4 Rf3 59. b4 Rgf8 60. Rg4 Be5 61. Be3 Ra8 62. b5 Rf5 63. Re4 Bd6 64. b6 Rc8 65. Rc4 Rd5 66. Kf1 c6 67. b7 Rb8 68. Rxc6 h5 69. Rc8 Ra5 70. Rxb8 Bxb8 71. Rd8 Be5 72. f4 Bc7 73. Bb6 Bxb6 74. Ra8 Ba7 75. Rxa7 Rxa7 76. b8Q Rxa4 77. Qe5 g6 78. f5 gxf5 79. Qxf5+ Kh6 80. Qf6+ Kh7 81. Qe7+ Kh6 82. Qe3+ Kg6 83. Qe8+ 1-0